000
00283nam a22001097a 4500
082
_a
621.564 MAG'H
100
_a
MARLOTT, G.D MAGNUS, E.R
_9
60611
245
_a
HANDBOOK OF REFRIGERATION AND AIR CONDITIONING
260
_a
CHICAGO
_b
FOLLETT
_c
1959
300
_a
XIII, 784P
942
_c
BK
999
_c
570300
_d
570300